[Event "Juniorallsvenskan"]
[Site "Linkoping"]
[Date "2016.11.27"]
[Round "4.3"]
[White "Emmoth, Alfons"]
[Black "Darnell, Anton"]
[Result "1/2-1/2"]
[WhiteElo "1899"]
[BlackElo "2017"]

1.d4 Nf6 2.c4 e6 3.Nf3 d5 4.Nc3 Bb4 5.Qa4+ Nc6 6.Bg5 Bd7 7.Qc2 h6 8.Bxf6 
Qxf6 9.e3 O-O 10.a3 Bxc3+ 11.Qxc3 a6 12.Be2 Rfe8 13.Rd1 Rac8 14.O-O dxc4 
15.Bxc4 Nb8 16.b4 Bb5 17.Ne5 Qe7 18.Rc1 Nd7 19.Nxd7 Qxd7 20.Rfd1 Bxc4 21.
Qxc4 Red8 22.g3 Qb5 23.Qb3 Qd5 24.Qb2 Qf3 25.Rd2 Rd5 26.Rdc2 c6 27.Rc5 
Rcd8 28.Qb3 Rxd4 29.Rf1 Rd1 30.Rc1 R1d2 31.Rc2 R8d3 32.Rxd2 Rxd2 33.Qc3 
Qe2 34.Qe5 Rd1 35.Qb8+ Kh7 36.Rxd1 Qxd1+ 37.Kg2 Qd5+ 38.Kg1 Qd1+ 39.Kg2 
Qd5+ 40.Kg1 Qd7 41.Qa7 Kg6 42.Qb6 Kf6 43.Qa7 Ke7 44.Qc5+ Ke8 45.Qb6 Qd1+ 
46.Kg2 Qd5+ 47.Kg1 Qd1+ 48.Kg2 Qd7 49.Kg1 Ke7 50.Kg2 Kf6 51.Kg1 Qd1+ 52.
Kg2 Qd5+ 1/2-1/2

[Event "Juniorallsvenskan"]
[Site "Linkoping"]
[Date "2016.11.27"]
[Round "4.4"]
[White "Gruter, Martin"]
[Black "Bjorkman, Filip"]
[Result "0-1"]
[WhiteElo "1846"]
[BlackElo "1956"]

1.d4 Nf6 2.c4 g6 3.Nc3 d5 4.cxd5 Nxd5 5.e4 Nxc3 6.bxc3 Bg7 7.Nf3 Bg4 8.Qb3
Bxf3 9.Qxb7 Bxe4 10.Qxe4 Nd7 11.Bb5 O-O 12.O-O c5 13.Qc6 Nb6 14.Qxc5 Rc8 
15.Qa3 Nd5 16.Bb2 Qb6 17.c4 Nc7 18.Bd7 Rcd8 19.c5 Qf6 20.Qa4 Nd5 21.c6 Nb6
22.Qxa7 Nxd7 23.cxd7 Qd6 24.Rfd1 Rxd7 25.Qa4 Rfd8 26.Rac1 Qb6 27.Qa3 Ra7 
28.Qb3 Qd6 29.Qc4 Rad7 30.a4 Qb6 31.Rc2 Bxd4 32.Bxd4 Rxd4 33.Rxd4 Rxd4 34.
Qc8+ Rd8 35.Rc1 Rxc8 36.Rxc8+ Kg7 37.Rc1 Qb3 0-1

[Event "Juniorallsvenskan"]
[Site "Linkoping"]
[Date "2016.11.27"]
[Round "4.5"]
[White "Astrom, Lars"]
[Black "Tuomainen, Felix"]
[Result "1/2-1/2"]
[WhiteElo "2132"]
[BlackElo "2172"]

1.e4 e6 2.d4 d5 3.Nd2 dxe4 4.Nxe4 Bd7 5.Nf3 Bc6 6.Bd3 Nd7 7.O-O Ngf6 8.Ng3
Bd6 9.Qe2 Bxf3 10.Qxf3 c6 11.c4 O-O 12.Be3 Qc7 13.Rad1 Rad8 14.c5 Bxg3 15.
hxg3 e5 16.Rfe1 Rfe8 17.Bb1 exd4 18.Bxd4 Qa5 19.Qc3 Qxc3 20.bxc3 b6 21.
cxb6 axb6 22.Rxe8+ Rxe8 23.Bf5 c5 24.Bxd7 Nxd7 25.Bxg7 Kxg7 26.Rxd7 Re1+ 
27.Kh2 Re2 28.Rb7 Rxa2 29.Rxb6 Ra3 30.Rc6 Rxc3 31.g4 c4 32.g5 Rc1 1/2-1/2

[Event "Juniorallsvenskan"]
[Site "Linkoping"]
[Date "2016.11.27"]
[Round "4.6"]
[White "Crevatin, Leo"]
[Black "Ollen, Martin"]
[Result "1-0"]
[WhiteElo "2057"]
[BlackElo "2065"]

1.d4 Nf6 2.Bf4 g6 3.e3 Bg7 4.Nf3 d6 5.Be2 O-O 6.O-O Nbd7 7.c3 Qe8 8.Na3 a6
9.h3 e5 10.Bh2 h6 11.Nc4 e4 12.Nfd2 Nd5 13.Nxd6 cxd6 14.Bxd6 Ne7 15.Nxe4 
f5 16.Nd2 Rf6 17.Qb3+ Kh7 18.Bg3 f4 19.Bxf4 Rb6 20.Qc2 Nd5 21.Bd3 Nxf4 22.
exf4 Nf8 23.f5 Bxf5 24.Bxf5 gxf5 25.Qxf5+ Qg6 26.Qxg6+ Nxg6 27.Nc4 Rc6 28.
Ne3 Nf4 29.Rad1 Re8 30.Rfe1 b5 31.a3 a5 32.Nf5 Rxe1+ 33.Rxe1 Rg6 34.Nh4 
Rf6 35.Re3 Kg8 36.Nf3 Re6 37.Rxe6 Nxe6 38.g3 h5 39.Ne1 Ng5 40.Kg2 Kf7 41.
f4 Ne4 42.Kf3 Nd2+ 43.Ke2 Nc4 44.Nd3 Ke6 45.g4 h4 46.f5+ Kf6 47.Kf3 Nd6 
48.Nc5 Bh6 49.a4 b4 50.cxb4 axb4 51.Ne4+ Ke7 52.Nxd6 Kxd6 53.b3 Kd5 54.a5 
Bg7 55.g5 Bxd4 56.f6 Ke6 57.Kg4 Bf2 58.a6 Kf7 59.Kf5 Ba7 60.g6+ Kf8 61.Ke6
Kg8 62.Ke7 Bc5+ 63.Ke8 1-0

[Event "Juniorallsvenskan"]
[Site "Linkoping"]
[Date "2016.11.27"]
[Round "4.7"]
[White "Morling, Joakim"]
[Black "Bit-Narva, David"]
[Result "0-1"]
[WhiteElo "2127"]
[BlackElo "2041"]

1.d4 d6 2.Nf3 g6 3.c4 Bg7 4.e4 e5 5.Nc3 Nc6 6.d5 Nce7 7.Be2 f5 8.exf5 Nxf5
9.Bg5 Nf6 10.Qd2 O-O 11.O-O-O Qe8 12.Kb1 e4 13.Ne1 h6 14.Bf4 Bd7 15.g4 Nd4
16.h3 Nxe2 17.Nxe2 e3 18.Bxe3 Ne4 19.Qc1 Nxf2 20.Nc2 Nxh1 21.Rxh1 Qe4 22.
Ng3 Qxc4 23.Bxh6 Ba4 24.Rh2 Rf3 25.Bxg7 Kxg7 26.Nf5+ Kg8 27.Nfe3 Bxc2+ 28.
Rxc2 Qd3 29.Ng2 Rf1 30.Ne1 Qe4 0-1

[Event "Juniorallsvenskan"]
[Site "Linkoping"]
[Date "2016.11.27"]
[Round "4.8"]
[White "Berglind, Axel"]
[Black "Liedbeck, Patrick"]
[Result "0-1"]
[WhiteElo "1980"]
[BlackElo "1976"]

1.c4 c5 2.Nf3 Nc6 3.g3 g6 4.Bg2 Bg7 5.O-O e6 6.Nc3 Nge7 7.d3 O-O 8.Bd2 d5 
9.cxd5 exd5 10.Qc1 Re8 11.Bf4 a6 12.a3 Be6 13.Ng5 Nd4 14.Nxe6 Nxe6 15.Bh6 
Bh8 16.e4 d4 17.Nd5 Rc8 18.Nxe7+ Qxe7 19.f4 Bg7 20.f5 Bxh6 21.Qxh6 Qf8 22.
Qh4 Ng7 23.fxg6 hxg6 24.Bh3 Rc7 25.Qf4 Qe7 26.b3 Qe5 27.Rac1 b5 28.Qxe5 
Rxe5 29.Rf6 Ne6 30.Bxe6 Rxe6 31.Rxe6 fxe6 32.e5 Kf7 33.Kg2 c4 34.bxc4 Rc5 
35.Rf1+ Ke7 36.cxb5 axb5 37.Rf4 Rxe5 38.Rxd4 Re2+ 39.Kh3 Ra2 40.g4 Rxa3 
41.Kh4 Ra4 0-1

[Event "Juniorallsvenskan"]
[Site "Linkoping"]
[Date "2016.11.27"]
[Round "5.1"]
[White "Crevatin, Leo"]
[Black "Carlsson, Ludvig"]
[Result "1/2-1/2"]
[WhiteElo "2057"]
[BlackElo "2043"]

1.d4 Nf6 2.Bf4 d5 3.e3 c5 4.c3 e6 5.Nd2 Qb6 6.Rb1 Nc6 7.h3 Be7 8.Ngf3 O-O 
9.Bd3 Bd7 10.O-O cxd4 11.exd4 a6 12.Qe2 Rfd8 13.Rfc1 Rac8 14.b4 Qa7 
1/2-1/2

[Event "Juniorallsvenskan"]
[Site "Linkoping"]
[Date "2016.11.27"]
[Round "5.2"]
[White "Grueso Cordoba, Santiago"]
[Black "Tuomainen, Felix"]
[Result "1/2-1/2"]
[WhiteElo "2113"]
[BlackElo "2172"]

1.c4 c6 2.Nf3 d5 3.g3 Nf6 4.Bg2 Bf5 5.O-O e6 6.d4 Nbd7 7.Nc3 Be7 8.Bf4 O-O
9.cxd5 cxd5 10.Nh4 Bg6 11.Nxg6 hxg6 12.e4 dxe4 13.Nxe4 Nd5 14.Nd6 g5 15.
Nxb7 Qb6 16.Bxd5 exd5 17.Nc5 Nxc5 18.dxc5 Bxc5 19.Bxg5 d4 20.b3 Qd6 21.Qd3
Rfe8 22.Rfe1 Re6 23.Bf4 Qd5 24.Rxe6 Qxe6 25.Rc1 Bb6 1/2-1/2

[Event "Juniorallsvenskan"]
[Site "Linkoping"]
[Date "2016.11.27"]
[Round "5.3"]
[White "Bit-Narva, David"]
[Black "Bjorkman, Filip"]
[Result "1-0"]
[WhiteElo "2041"]
[BlackElo "1956"]

1.e4 Nf6 2.e5 Nd5 3.d4 d6 4.c4 Nb6 5.exd6 cxd6 6.b3 g6 7.Bb2 Bg7 8.Nf3 Bg4
9.Be2 O-O 10.O-O Nc6 11.h3 Bxf3 12.Bxf3 Qc7 13.Na3 a6 14.Qd2 Rad8 15.Bxc6 
bxc6 16.Rad1 e5 17.dxe5 dxe5 18.Qa5 Rxd1 19.Rxd1 Rd8 20.Rxd8+ Qxd8 21.Bxe5
Qd1+ 22.Kh2 Qh5 23.Bc3 Bxc3 24.Qxc3 Qc5 25.Qe3 Qxa3 26.Qxb6 c5 27.b4 Qxb4 
1-0

[Event "Juniorallsvenskan"]
[Site "Linkoping"]
[Date "2016.11.27"]
[Round "5.4"]
[White "Emmoth, Alfons"]
[Black "Berglind, Axel"]
[Result "1/2-1/2"]
[WhiteElo "1899"]
[BlackElo "1980"]

1.d4 d5 2.c4 c6 3.e3 Nf6 4.Nc3 e6 5.Nf3 Nbd7 6.Qc2 Bd6 7.b3 O-O 8.Be2 Re8 
9.O-O Qe7 10.Bb2 dxc4 11.bxc4 e5 12.Rad1 e4 13.Nd2 Nf8 14.Rfe1 Bf5 15.Qc1 
Ng4 16.Nf1 Qh4 17.g3 Qh3 18.Ba3 Re6 19.Bxd6 Rxd6 20.Bxg4 Bxg4 21.f4 Bxd1 
22.Rxd1 Qe6 23.Nd2 f5 24.Qc2 Rc8 25.Na4 b6 26.c5 bxc5 27.Nxc5 Qf7 28.Nc4 
Rdd8 29.Ne5 Qd5 30.Qa4 Ne6 31.Rc1 Nxc5 32.Rxc5 Qe6 33.Nxc6 Rf8 34.Qc2 Kh8 
35.a4 a6 36.a5 Rf7 37.Ne5 Rff8 38.d5 Rxc5 39.Qxc5 Qc8 40.Nc6 Rf6 41.d6 Qd7
42.Ne5 Qd8 43.Qd5 Qg8 44.Qd4 Qb8 45.d7 Qb1+ 46.Kf2 Qc2+ 47.Ke1 Qc1+ 48.Ke2
Qc2+ 49.Ke1 Qc1+ 50.Ke2 Qc2+ 51.Ke1 Qc1+ 52.Ke2 Qc2+ 1/2-1/2

[Event "Juniorallsvenskan"]
[Site "Linkoping"]
[Date "2016.11.27"]
[Round "5.5"]
[White "Lokander, Martin"]
[Black "Zarytovskaya, Margo"]
[Result "1-0"]
[WhiteElo "2314"]
[BlackElo "1789"]

1.d4 f5 2.Nc3 Nf6 3.Bg5 e6 4.e4 Be7 5.exf5 exf5 6.Bd3 d5 7.Nf3 O-O 8.O-O 
c6 9.Ne2 Ne4 10.Bxe7 Qxe7 11.Ne5 Nd7 12.Nxd7 Bxd7 13.f3 Nd6 14.Qd2 Qf6 15.
g3 Rae8 16.Rae1 Nf7 17.c3 Ng5 18.Nf4 Rxe1 19.Qxe1 Re8 20.Be2 Ne6 21.Nd3 c5
22.dxc5 Bb5 23.Qd2 Nxc5 24.Nxc5 Rxe2 25.Qxd5+ Qf7 26.Qxf7+ Kxf7 27.Rf2 
Re1+ 28.Kg2 b6 29.Nb3 Bc4 30.Nd4 Bxa2 31.Nxf5 Kf6 32.Nd4 Bc4 33.Rd2 Rb1 
34.h4 a6 35.Kf2 h6 36.g4 g5 37.h5 Rf1+ 38.Kg2 Rb1 39.Nf5 Re1 40.Nxh6 Be6 
41.Kf2 Rb1 42.Ke3 Ke5 43.Rh2 Rd1 44.Nf5 Bxf5 45.gxf5 Kxf5 46.h6 Rd8 47.h7 
Rh8 48.Rh6 b5 49.Kd4 Kf4 50.Rf6+ Kg3 51.Rf7 g4 52.fxg4 Kxg4 53.Kc5 Kg5 54.
Kb6 Kg6 55.Rc7 Ra8 56.Kb7 1-0

[Event "Juniorallsvenskan"]
[Site "Linkoping"]
[Date "2016.11.27"]
[Round "5.6"]
[White "Pietarinen, Alexaner"]
[Black "Kassani, Sam"]
[Result "0-1"]
[WhiteElo "1596"]
[BlackElo "2144"]

1.Nf3 Nf6 2.g3 b5 3.Bg2 Bb7 4.d4 e6 5.O-O Be7 6.b3 O-O 7.Bb2 d6 8.Nbd2 
Nbd7 9.c4 a6 10.Qc2 c5 11.e3 Rc8 12.dxc5 Nxc5 13.Nd4 Bxg2 14.Kxg2 Qb6 15.
Rac1 Qb7+ 16.N2f3 Rfd8 17.Rfd1 Nce4 18.Qe2 e5 19.Nf5 Bf8 20.cxb5 axb5 21.
Rxc8 Rxc8 22.Kg1 g6 23.N5h4 Nc3 24.Bxc3 Rxc3 25.Ng2 Qc6 26.Nge1 Ne4 27.Kf1
Rc5 28.Qb2 Nc3 29.Rc1 b4 30.Kg2 Qa8 31.Ra1 Ra5 32.a4 Bg7 33.Nc2 Qe4 34.Rc1
Rc5 35.Ne1 Qc6 36.Nc2 Qe4 37.Ne1 Qb7 38.Nc2 g5 39.h3 h5 40.g4 hxg4 41.hxg4
Qe4 42.Rg1 Qxg4+ 0-1

[Event "Juniorallsvenskan"]
[Site "Linkoping"]
[Date "2016.11.27"]
[Round "5.7"]
[White "Darnell, Anton"]
[Black "Jernberg, Christopher"]
[Result "1-0"]
[WhiteElo "2017"]
[BlackElo "1514"]

1.d4 Nf6 2.Bg5 d6 3.Bxf6 exf6 4.e3 Nc6 5.g3 b6 6.Bb5 Bd7 7.Qf3 Ne7 8.Bxd7+
Kxd7 9.c4 Ng6 10.Nc3 Be7 11.h4 Rg8 12.Nge2 h6 13.b4 Rc8 14.Nb5 c6 15.Nbc3 
Qc7 16.O-O Rgd8 17.h5 Nf8 18.Qg4+ Ke8 19.Qxg7 Ne6 20.Qxh6 Kd7 21.Qh7 Ng5 
22.Qf5+ Ke8 23.f4 Ne6 24.h6 Nf8 25.h7 Nxh7 26.Qxh7 Kd7 27.Qf5+ Ke8 28.Kg2 
Qd7 29.Qxd7+ Kxd7 30.Rh1 Rh8 31.Rxh8 Rxh8 32.Rh1 Rxh1 33.Kxh1 f5 34.Kg2 d5
35.cxd5 Bxb4 36.dxc6+ Kxc6 37.Kf3 Kd7 38.g4 fxg4+ 39.Kxg4 Ke6 40.f5+ Kd7 
41.e4 Be7 42.e5 a6 43.f6 Bf8 44.Kf5 b5 45.d5 b4 46.Ne4 a5 47.e6+ fxe6+ 48.
dxe6+ Kd8 49.Nd4 a4 50.Nc6+ 1-0

[Event "Juniorallsvenskan"]
[Site "Linkoping"]
[Date "2016.11.27"]
[Round "5.8"]
[White "Flykt, Gabriel"]
[Black "Gruter, Martin"]
[Result "0-1"]
[WhiteElo "1556"]
[BlackElo "1846"]

1.e4 e6 2.d4 d5 3.exd5 exd5 4.Bd3 Nc6 5.c3 Bd6 6.Be3 Be6 7.Nd2 Nge7 8.Qc2 
Qd7 9.Ne2 Bf5 10.Bf4 Bxd3 11.Qxd3 Nd8 12.Bxd6 Qxd6 13.Qg3 Nf5 14.Qxd6 Nxd6
15.O-O-O Ne6 16.Rde1 O-O 17.Kc2 Rae8 18.Nc1 Re7 19.Nd3 Rfe8 20.Kd1 f6 21.
f3 Kf7 22.Re2 c6 23.Rhe1 a5 24.a3 b6 25.Nb3 Nc4 26.Nd2 b5 27.Kc1 Kf8 28.
Kd1 f5 29.g3 Ng5 30.Rxe7 Rxe7 31.Rxe7 Kxe7 32.Nxc4 dxc4 33.Ne1 Kd6 34.Ke2 
Ne6 35.Ke3 g5 36.Ng2 c5 37.dxc5+ Nxc5 38.Kd2 Nd3 39.Kc2 a4 40.h3 Ke5 41.
Kb1 Nf2 42.h4 g4 43.fxg4 fxg4 44.h5 Ke4 45.Nh4 Nh1 46.Kc2 Nxg3 47.h6 Nf5 
0-1